000 00849nam0a22002411 4500
001 v19\rc\1224955
005 20260406154718.0
035 _a(NLR Aleph) 004386499
090 _a3695356
_c3695356
100 _a20060306d1878 |||y0rusy50 ca
101 0 _arus
102 _aRU
105 _ay z |||||
200 1 _aВыписка из Устава Петропавловского мужского училища в Москве
210 _a[Москва]
_dценз. 1878
215 _a4 с.
_d29
309 _aБез тит. л. и обл.
710 0 2 _aМосковское Петропавловское евангелическо-лютеранское мужское училище
_3RU\NLR\AUTH\889930046
_9355654
801 0 _aRU
_bNLR
_gpsbo
801 1 _aRU
_bProSoft-M
_2rusmarc
852 _aNLR
_j18.122.1.344
942 _cBOOK
980 _aNB